000 00940nam a22003137a 4500
003 CHAP
005 20220329134533.0
008 971013s1939 us a r 00010 eng d
010 _a21816
011 _a22788
035 _a26883
040 _cCHAP
082 0 4 _a574.5
_bC54
100 0 0 _aClements, Frederic Edward.
_923776
245 1 _aBio-ecology
260 _aNew York :
_bWiley,
_c1939
300 _a425 p.
_b: ilus.
590 _aBATCH-UPD
_b10
_c20130110
_lUCH01
_h0330
590 _aBATCH-UPD
_b10
_c20130110
_lUCH01
_h1803
590 _aBATCH-UPD
_b10
_c20130410
_lUCH01
_h0003
590 _aBATCH-UPD
_b10
_c20130914
_lUCH01
_h0947
590 _aCONVERSION
_b10
_c20130109
_lUCH01
_h1313
650 1 4 _aEcologĂ­a.
_935134
700 0 _aShelford, Victor E.
_9105602
901 _aBK
942 _cLIBRO
949 _a574.5 C54
_bBC
_cBPP
_d-62053
_eBPP
_h8186
_i26883
_si
949 _a574.5 C54
_bBC
_cBPP
_d-62054
_eBPP
_fc.2
_h8187
_i26883
_mD
_si
999 _c21816
_d21816